Successful orchid culture / (Record no. 72728)
[ view plain ]
| 000 -LEADER | |
|---|---|
| fixed length control field | 00679nam a2200229 a 4500 |
| 001 - CONTROL NUMBER | |
| control field | 72728 |
| 003 - CONTROL NUMBER IDENTIFIER | |
| rucl marc code | BD-RjUL |
| 005 - DATE AND TIME OF LATEST TRANSACTION | |
| control field | 20211209082313.0 |
| 008 - FIXED-LENGTH DATA ELEMENTS--GENERAL INFORMATION | |
| fixed length control field | 170523r19541953enkao 001 0 eng d |
| 035 ## - SYSTEM CONTROL NUMBER | |
| System control number | (BD-RjUL)72946 |
| 040 ## - CATALOGING SOURCE | |
| Original cataloging agency | KSU |
| Transcribing agency | KSU |
| Modifying agency | ORL |
| -- | UKM |
| -- | EQO |
| -- | BD-RjUL |
| Language of cataloging | eng |
| 041 ## - LANGUAGE CODE | |
| Language code of text/sound track or separate title | eng |
| 082 ## - DEWEY DECIMAL CLASSIFICATION NUMBER | |
| Edition number | 23 |
| Classification number | 584.4 |
| Author mark and year | RIS 1954 |
| 100 1# - MAIN ENTRY--PERSONAL NAME | |
| Personal name | Rittershausen, P. R. C. |
| 9 (RLIN) | 215128 |
| 245 10 - TITLE STATEMENT | |
| Title | Successful orchid culture / |
| Statement of responsibility, etc. | P. R. C. Rittershausen |
| 260 ## - PUBLICATION, DISTRIBUTION, ETC. (IMPRINT) | |
| Place of publication, distribution, etc. | London : |
| Name of publisher, distributor, etc. | W. H. and L. Collingridge ; |
| Date of publication, distribution, etc. | 1953 [Impression 1954] |
| 300 ## - PHYSICAL DESCRIPTION | |
| Pagination | 136 p. : |
| Illustrations | illus. ; |
| Size | 22 cm. |
| 500 ## - GENERAL NOTE | |
| General note | Includes index |
| 650 #0 - SUBJECT ADDED ENTRY--TOPICAL TERM | |
| Topical term or geographic name as entry element | Orchid culture. |
| 9 (RLIN) | 215129 |
| Topical term or geographic name as entry element | Orchid |
| 9 (RLIN) | 215129 |
| 942 ## - ADDED ENTRY ELEMENTS (KOHA) | |
| Source of classification or shelving scheme | Dewey Decimal Classification |
| Koha item type | Books |
| Lost status | Source of classification or shelving scheme | Damaged status | Not for loan | Collection code | Permanent Location | Current Location | Shelving location | Date acquired | Source of acquisition | Cost, normal purchase price | Total Checkouts | Full call number | Date last seen | Copy number | Koha item type |
|---|---|---|---|---|---|---|---|---|---|---|---|---|---|---|---|
| Dewey Decimal Classification | Not For Loan | Non-fiction | Central Library, University of Rajshahi | Central Library, University of Rajshahi | Reading Room | 14/02/1956 | O.B.Z. Stationary | 12.30 | 584.4 RIS 1954 | 23/05/2017 | C-1 | Books |